'Name a Country' Quiz - Statistics

General Stats
  • This quiz has been taken 455 times
  • The average score is 10 of 13
Answer Stats
Name a Country that.... Answer % Correct
starts with a 'V' Vanuatu / Vatican City / Venezuela / Vietnam
100%
is one of the five largest countries Russia / Canada / China / United States of America / Brazil
97%
is only four characters long Chad / Cuba / Fiji / Iran / Iraq / Laos / Mali / Oman / Peru / Togo
96%
lies on equator and is in South America Ecuador / Colombia / Brazil
95%
has more than 1000 Olympic (Summer and Winter) Medals United States of America / Soviet Union
81%
has a 'Q' in their name Equatorial Guinea / Mozambique / Iraq / Qatar
76%
is one of the three least densely populated countries Mongolia / Botswana / Mauritania
67%
has time zone GMT + 8 Brunei / Mongolia / China / Malaysia / Philippines / Singapore / Taiwan
65%
is one of the three youngest by date of last subordination South Sudan / Serbia / Montenegro
61%
is double-landlocked Uzbekistan / Liechtenstein
58%
is one of the three countries that has the most McDonald's except USA Japan / China / Germany
56%
is one of the axis powers under the Tripartite Pact Nazi Germany / Japan / Italy
56%
is one of the three smallest countries in Oceania Nauru / Tuvalu / Marshall Islands
54%
No matching quizzes found
Score Distribution
Percent of People with Each Score
Percentile by Number Answered
Your Score History
You have not taken this quiz